Word Ladder: Playing Possum Quiz Stats

 Plays Quiz not verified by Sporcle

Challenge
Share
Tweet
Embed
Score 0/10 Timer 01:00
0 Plays Today
Clue 4-Letter Word % Correct
When a fruit reaches its most edible conditionRIPE
97.5%
Wholly identicalSAME
93.4%
Colloquial name for a roller coaster, Ferris wheel, or carouselRIDE
93%
To bring an animal into obedient behavior TAME
90%
A large written document, generally historical or ethnographic in natureTOME
82.8%
'Justine' and '120 Days of Sodom' French author Marquis de ___SADE
80.9%
The surface of a solid objectSIDE
78.3%
Former stadium structure of the Seattle Mariners and Minnesota TwinsDOME
75.4%
• Boxing strategy where one pretends to lose so that their opponent will tire out: ___-a-[last rung] ••ROPE•
62.4%
• Boxing strategy where one pretends to lose so that their opponent will tire out: [first rung]-a-___•DOPE•
57.5%

You're not logged in!

Compare scores with friends on all Sporcle quizzes.
OR
Log In

You Might Also Like...

Show Comments

Extras

Top Quizzes Today


Score Distribution

Your Account Isn't Verified!

In order to create a playlist on Sporcle, you need to verify the email address you used during registration. Go to your Sporcle Settings to finish the process.

Report this User

Report this user for behavior that violates our Community Guidelines.

Details: